000 00535nam a22001697a 4500
999 _c1686
_d1686
005 20200825112332.0
008 200825b ||||| |||| 00| 0 eng d
020 _a9781416034292
040 _aKABLIB
_cKABLIB
_dKABLIB
082 _223
_a616.90475
_bKRA
100 _aKradin, Richard L.
_94855
245 _aDiagnostic pathology of infectious disease /
_cRichard L.Kradin.
260 _aPhiladelphia :
_bSaunders/ Elsevier,
_cc2010.
300 _axiii,644p.:
_bill.col.;
_c26 cm.
500 _aIncludes index(p 618-644)
942 _2ddc
_cBOOK